|
|
|
|
| LEADER |
01883nam a2200481 a 4500 |
| 001 |
nkc20071784330 |
| 003 |
CZ PrNK |
| 005 |
20080326160537.0 |
| 007 |
ta |
| 008 |
071220s2007 xr a e p 000 0 cze |
| 015 |
|
|
|a cnb001784330
|
| 020 |
|
|
|a 978-80-7231-476-8
|q (brož.) :
|c Kč 50,00
|
| 035 |
|
|
|a (OCoLC)228603357
|
| 040 |
|
|
|a BOA001
|b cze
|
| 072 |
|
7 |
|a 623
|x Vojenská technika
|2 Konspekt
|9 19
|
| 072 |
|
7 |
|a 37.016
|x Učební osnovy. Vyučovací předměty. Učebnice
|2 Konspekt
|9 22
|
| 080 |
|
|
|a 623.61
|2 MRF
|
| 080 |
|
|
|a 621.396.96
|2 MRF
|
| 080 |
|
|
|a (075.8)
|2 MRF
|
| 100 |
1 |
|
|a Hubáček, Petr,
|d 1972-
|7 mzk2007417621
|4 aut
|
| 245 |
1 |
0 |
|a Základy teorie pasivních systémů I. /
|c Petr Hubáček, Eduard Hoško, Jiří Veselý
|
| 250 |
|
|
|a Vyd. 1.
|
| 260 |
|
|
|a Brno :
|b Univerzita obrany,
|c 2007
|
| 300 |
|
|
|a 80 s. :
|b il. ;
|c 30 cm
|
| 500 |
|
|
|a Na obálce nad názvem označení: S-2622/1
|
| 500 |
|
|
|a Anglicko-český slovník odborných výrazů
|
| 500 |
|
|
|a 40 výt.
|
| 504 |
|
|
|a Obsahuje bibliografii
|
| 650 |
0 |
7 |
|a vojenská radiotechnika
|7 ph116622
|2 czenas
|
| 650 |
0 |
7 |
|a radiolokace
|7 ph124989
|2 czenas
|
| 650 |
0 |
9 |
|a military radio engineering
|2 eczenas
|
| 650 |
0 |
9 |
|a radiolocation
|2 eczenas
|
| 655 |
|
7 |
|a učebnice vysokých škol
|7 fd133772
|2 czenas
|
| 655 |
|
9 |
|a textbooks (higher)
|2 eczenas
|
| 700 |
1 |
|
|a Hoško, Eduard,
|d 1962-
|7 mzk2007386100
|4 aut
|
| 700 |
1 |
|
|a Veselý, Jiří,
|d 1972-
|7 xx0014278
|4 aut
|
| 856 |
4 |
1 |
|u http://www.digitalniknihovna.cz/mzk/uuid/uuid:5a92e890-8600-11e9-b724-005056827e52
|y Digitalizovaný dokument
|x NDK
|
| 910 |
2 |
|
|a BOA001
|b 3-1195.990
|
| 990 |
|
|
|a BK
|
| 995 |
|
|
|a 01
|
| 991 |
|
|
|b 200801
|c NOV
|
| 996 |
6 |
|
|b 2610329354
|c 3-1195.990
|l MZK
|r Sklad / do 1 hodiny
|n 1
|p p.v.
|w 000880185
|u 000010
|a 1
|e BOA001
|j MZK50
|s P
|
| 996 |
7 |
|
|b 2610329355
|c 3-1195.990
|l MZK
|r Sklad / do 1 hodiny
|n 1
|p p.v.
|w 000880185
|u 000020
|a 1
|e BOA001
|j MZK50
|s A
|